000 00504nam a2200133 a 4500
008 120416s1971 ||||||||||||||||| || u
050 _aTN 269 Saz
100 _aSazhina, N
245 1 0 _aGravity prospecting
_cN. Grushinsky; translated from the Russian by A. K. Chatterjee
260 _aMoscow
_bMir
_c1971
300 _a491p. : ill.
350 _a0.00
995 _D0.00
_FCBU-MAIN LIBRARY (Kitwe)
_H1
_I1.50
_UAVAILABLE
_ZMain Library Open Access Collection
999 _c44900
_d44900